|
|
|
|
| LEADER |
00000nam0a2200000 4500 |
| 001 |
299150 |
| 005 |
20231102001156.0 |
| 020 |
|
|
|a RU
|b 82-71446
|
| 035 |
|
|
|a (RuTPU)RU\TPU\book\324302
|
| 090 |
|
|
|a 299150
|
| 100 |
|
|
|a 20150625d1982 m y0rusy5003 ca
|
| 101 |
0 |
|
|a rus
|
| 102 |
|
|
|a RU
|
| 105 |
|
|
|a a z 000zy
|
| 200 |
1 |
|
|a Знаки воинской доблести
|f А. С. Доманк
|
| 210 |
|
|
|a Москва
|c Изд-во ДОСААФ
|d 1982
|
| 215 |
|
|
|a 110 с.
|c 16 л. ил.
|
| 330 |
|
|
|a В книге рассказывается о нагрудных знаках отличия Вооруженных Сил СССР. Ими были отмечены участники гражданской войны, боев на КВЖД, У озера Хасан, на реке Халхин-Гол, Карельском перешейке, лучшие воины предвоенных лет, активисты Осоавиахима. Большой раздел посвящен знакам периода Великой Отечественной войны - "Гвардия", "Снайпер", "Отличный пулеметчик", "Отличный артиллерист" и другим. Главным содержанием книги является показ знаков отличия современных Вооруженных Сил. Книга содержит большое количество цветных иллюстраций.
|
| 606 |
1 |
|
|a Воинские знаки отличия
|2 stltpush
|3 (RuTPU)RU\TPU\subj\3483
|9 31902
|
| 610 |
1 |
|
|a Вооруженные Силы
|
| 610 |
1 |
|
|a СССР
|
| 610 |
1 |
|
|a Великая Отечественная война 1941-1945
|
| 686 |
|
|
|a Ц4,6(2)243
|2 rubbk
|
| 700 |
|
1 |
|a Доманк
|b А. С.
|g Альберт Степанович
|4 070
|
| 801 |
|
0 |
|a RU
|b RuMRKP
|c 19950704
|g psbo
|
| 801 |
|
1 |
|a RU
|b 63413507
|c 20150625
|
| 801 |
|
2 |
|a RU
|b 63413507
|c 20171115
|g RCR
|
| 942 |
|
|
|c BK
|